|
|
|
|
| LEADER |
02037cam a2200529 i 4500 |
| 001 |
nkc20223406649 |
| 003 |
CZ PrNK |
| 005 |
20221124092422.0 |
| 007 |
ta |
| 008 |
220607s2022 xr a e c 000 0dcze d |
| 015 |
|
|
|a cnb003406649
|
| 020 |
|
|
|a 978-80-908478-1-1
|q (složeno)
|
| 040 |
|
|
|a OSA001
|b cze
|d BOA001
|e rda
|
| 043 |
|
|
|a e-xr---
|
| 045 |
|
|
|a y-y-
|
| 072 |
|
7 |
|a 73
|x Sochařství, keramika, porcelán, umělecké zpracování kovů
|2 Konspekt
|9 21
|
| 080 |
|
|
|a 730(437.3)
|2 MRF
|
| 080 |
|
|
|a 72/76.021.3
|2 MRF
|
| 080 |
|
|
|a 7.036/.038
|2 MRF
|
| 080 |
|
|
|a (437.3)
|2 MRF
|
| 080 |
|
|
|a (083.824)
|2 MRF
|
| 100 |
1 |
|
|a Charousek, Pavel,
|d 1962-
|7 xx0023798
|4 art
|4 wfw
|
| 245 |
1 |
0 |
|a Pavel Charousek :
|b když si sochař hraje : Městské muzeum Rýmařov - Galerie Octopus /
|c koncepce a texty: Pavel Charousek
|
| 246 |
3 |
0 |
|a Když si sochař hraje
|
| 250 |
|
|
|a První vydání
|
| 264 |
|
1 |
|a Rýmařov :
|b Spolek OCTOPUS - Městské muzeum Rýmařov,
|c 2022
|
| 300 |
|
|
|a 8 nečíslovaných stran :
|b barevné ilustrace ;
|c 21 cm
|
| 336 |
|
|
|a text
|b txt
|2 rdacontent
|
| 337 |
|
|
|a bez média
|b n
|2 rdamedia
|
| 338 |
|
|
|a list
|b nb
|2 rdacarrier
|
| 500 |
|
|
|a Katalog ke stejnojmenné výstavě konané 2.4.-27.4.2022, Městské muzeum Rýmařov - Galerie Octopus
|
| 500 |
|
|
|a Životopisná data
|
| 500 |
|
|
|a 200 výtisků
|
| 600 |
1 |
7 |
|a Charousek, Pavel,
|d 1962-
|7 xx0023798
|2 czenas
|
| 648 |
|
7 |
|a 21. století
|7 ch460559
|2 czenas
|
| 650 |
0 |
7 |
|a české sochařství
|7 ph128152
|y 21. století
|2 czenas
|
| 650 |
0 |
7 |
|a asambláže
|7 ph174174
|z Česko
|y 21. století
|2 czenas
|
| 650 |
0 |
7 |
|a moderní umění
|7 ph115340
|z Česko
|2 czenas
|
| 655 |
|
7 |
|a katalogy výstav
|7 fd132536
|2 czenas
|
| 710 |
2 |
|
|a Galerie Octopus (Rýmařov, Česko)
|7 kn20130701011
|4 orm
|4 isb
|
| 910 |
2 |
|
|a BOA001
|b 2-1494.512
|
| 920 |
|
|
|a 006490849
|z OSA001
|
| 928 |
9 |
|
|a Městské muzeum Rýmařov
|
| 990 |
|
|
|a BK
|
| 995 |
|
|
|a 60
|
| 991 |
|
|
|b 202210
|c NOV
|
| 996 |
6 |
|
|b 2610915464
|c 2-1494.512
|l MZK
|r Sklad / do 1 hodiny
|n 0
|p p.v.
|w 001900221
|u 000010
|a 1
|e BOA001
|j MZK50
|s P
|